Les villes les plus peuplées d'Europe commençant par A - Statistiques

Statistiques générales
  • Ce quiz a été pris 159 fois
  • Le résultat moyen est 5 sur 10
Statistiques - réponses
Pays Population Villes % Correct
Grèce 3 168 000 Athènes
100%
Pays-Bas 1 114 000 Amsterdam
97%
Belgique 530 000 Anvers
92%
Ecosse 196 000 Aberdeen
57%
Espagne 338 000 Alicante
57%
Danemark 265 000 Aarhus
33%
Espagne 200 000 Alméria
31%
Allemagne 296 000 Augsbourg
24%
Russie 301 000 Arkhangelsk
6%
Russie 475 000 Astrakhan
5%
Aucun quiz correspondant
Distribution des résultats
% des personnes avec chaque résultat
Percentile par nombre de réponses
Votre historique - résultats
Vous n’avez pas pris ce quiz